000 01103njm a22003017a 4500
005 20100918120820.0
007 sd ammalaaahaa
008 100918t xxu||||| |||| 00| 0 hin d
028 _aMOCE. 4038
_bODEON
035 _aGR-03413
040 _aSED/VEN
100 _920657
_aKishore Kumar
245 _aAndaz /
_cby Kishore Kumar ; music by Shankar Jaikishan lyrics by Hasrat Jaipuri
_h[sound recording] :
246 _aअंदाज़ (किशोरे कुमार)
260 _aDum Dum India
_bODEON
_c1971
300 _a1 sound disc [Gramophone record] :
_banalog, 331/3 rpm
_c12 in. (LP)
_fGramophone Record
500 _aBrief Record
500 _aODEON
500 _aBlack
500 _aLong Playing
505 _aZindgi ka safar part 1 (Andaz) (Kishore Kumar) Dil use do part 2 (Andaz) (Mohd. Rafi)
650 _vFilmi Song
_xExcerpts
_zIndia
_920658
_aClassical Music
700 _aShankar Jaikishan
_920659
700 _920660
_aHasrat Jaipuri
700 _920674
942 _2ddc
_cGR
999 _c46812
_d46812